Industrial engineering and management (Record no. 22307)
[ view plain ]
| 000 -LEADER | |
|---|---|
| fixed length control field | 00413nam a2200169Ia 4500 |
| 003 - CONTROL NUMBER IDENTIFIER | |
| control field | OSt |
| 005 - DATE AND TIME OF LATEST TRANSACTION | |
| control field | 20240727120053.0 |
| 008 - FIXED-LENGTH DATA ELEMENTS--GENERAL INFORMATION | |
| fixed length control field | 170619s9999 xx 000 0 und d |
| 020 ## - INTERNATIONAL STANDARD BOOK NUMBER | |
| International Standard Book Number | 978-8175156050 |
| 040 ## - CATALOGING SOURCE | |
| Transcribing agency | iimt engineering college |
| 100 ## - MAIN ENTRY--PERSONAL NAME | |
| Personal name | Shankar- Ravi |
| 245 #0 - TITLE STATEMENT | |
| Title | Industrial engineering and management |
| 260 ## - PUBLICATION, DISTRIBUTION, ETC. | |
| Name of publisher, distributor, etc. | New Delhi Galgotia |
| 260 ## - PUBLICATION, DISTRIBUTION, ETC. | |
| Date of publication, distribution, etc. | 2007 |
| 546 ## - LANGUAGE NOTE | |
| Language note | ENGLISH |
| 942 ## - ADDED ENTRY ELEMENTS (KOHA) | |
| Source of classification or shelving scheme | |
| Koha item type | Book Bank |
| Withdrawn status | Lost status | Source of classification or shelving scheme | Damaged status | Not for loan | Home library | Current library | Source of acquisition | Cost, normal purchase price | Total Checkouts | Barcode | Date last seen | Price effective from | Koha item type | Date acquired |
|---|---|---|---|---|---|---|---|---|---|---|---|---|---|---|
| IIMT Engineering College-MBA | IIMT Engineering College-MBA | 21 | 190.00 | 13-B-3864 | 06/23/2017 | 06/23/2017 | Text-Book- for 7 days | |||||||
| IIMT Engineering College-MBA | IIMT Engineering College-MBA | 21 | 190.00 | 13-B-3865 | 06/23/2017 | 06/23/2017 | Text-Book- for 7 days | |||||||
| NOIDA IIMT College of Engineering MBA | NOIDA IIMT College of Engineering MBA | 21-B-443 | 06/29/2017 | 06/29/2017 | Text-Book- for 7 days | 06/29/2017 | ||||||||
| NOIDA IIMT College of Engineering MBA | NOIDA IIMT College of Engineering MBA | 21-B-444 | 06/29/2017 | 06/29/2017 | Text-Book- for 7 days | 06/29/2017 | ||||||||
| NOIDA IIMT College of Engineering MBA | NOIDA IIMT College of Engineering MBA | 21-B-445 | 06/29/2017 | 06/29/2017 | Text-Book- for 7 days | 06/29/2017 | ||||||||
| NOIDA IIMT College of Engineering MBA | NOIDA IIMT College of Engineering MBA | 21-B-446 | 06/29/2017 | 06/29/2017 | Text-Book- for 7 days | 06/29/2017 | ||||||||
| NOIDA IIMT College of Engineering MBA | NOIDA IIMT College of Engineering MBA | 21-B-447 | 06/29/2017 | 06/29/2017 | Text-Book- for 7 days | 06/29/2017 |

